00485 2200169 4500245005200000020002200052250001100074100001600085700002100101650002100122005001900143260009500162041001400257084000800271300002700279336000900306 aMengunjungi Rumah Adat SumbacWeni RahayuhText a978-602-437-888-2 aCet. 1 aWeni Rahayu aRian Aris Wibowo aRumah Adat Sumba a20240902100046 aJakartabBadan pengembangan bahasa dan perbukuan Kemeterian pendidikn dan kebudayaanc2019 aIndonesia a728 aiv, 26 hlm., 29,7 cm : atext